Primi 15 paesi interessati da Covid-19 - 19 agosto - Statistics

Statistiche generali
  • Questo quiz è stato fatto 4 volte
  • Il punteggio medio è 5 su 25
Statistiche sulle risposte
nazione % Corretto
Stati Uniti
100%
Regno Unito
75%
Spagna
75%
Brasile
50%
Messico
50%
Russia
50%
Colombia
25%
India
25%
Arabia Saudita
0%
Argentina
0%
Armenia
0%
Bahrain
0%
Bolivia
0%
Cile
0%
Cile
0%
Iran
0%
Israele
0%
Kuwait
0%
Oman
0%
Pakistan
0%
Panama
0%
Perù
0%
Qatar
0%
Singapore
0%
Sudafrica
0%
Nessun quiz corrispondente trovato
Distribuzione punteggi
Percentuale di utenti per punteggio
Percentile per numero di risposta
I tuoi punteggi nel tempo
Non hai fatto questo quiz